[Event "DVM U12 2016"]
[Site "Magdeburg GER"]
[Date "2016.12.30"]
[Round "7"]
[White "Marschall, Tillmann"]
[Black "Stockmann, Till"]
[Result "0-1"]
[Termination "normal"]
[Board "8.1"]
[WhiteElo "1669"]
[BlackElo "1688"]
[WhiteClock "00:45:44"]
[BlackClock "00:13:57"]
[WhiteTeam "SG Trier"]
[BlackTeam "VfL Gräfenhainchen"]
[PlyCount "136"]
[WhiteFideId "12973220"]
[BlackFideId "12979341"]
[EventCountry "GER"]
[EventRounds "7"]
[EventType "team-swiss"]
[EventDate "2016.12.26"]

1. e4 {[%clk 1:15:58]} c5 {[%clk 1:15:58]} 2. Nc3 {[%clk 1:16:20]} d6 {[%clk
1:15:58]} 3. f4 {[%clk 1:16:44]} Nf6 {[%clk 1:14:39]} 4. Nf3 {[%clk 1:17:08]}
g6 {[%clk 1:14:34]} 5. Bc4 {[%clk 1:17:20]} Bg4 {[%clk 1:04:35]} 6. O-O {[%clk
1:16:29]} Nc6 {[%clk 1:04:34]} 7. h3 {[%clk 1:16:19]} Bxf3 {[%clk 1:04:37]} 8.
Qxf3 {[%clk 1:11:38]} Bg7 {[%clk 1:02:56]} 9. d3 {[%clk 1:11:13]} O-O {[%clk
1:02:43]} 10. g4 {[%clk 1:10:50]} Nd4 {[%clk 1:01:50]} 11. Qg2 {[%clk 1:10:46]}
Nd7 {[%clk 1:00:43]} 12. f5 {[%clk 1:06:45]} Kh8 {[%clk 0:59:13]} 13. Bf4
{[%clk 1:01:13]} Nb6 {[%clk 0:58:12]} 14. Bb3 {[%clk 1:00:20]} a5 {[%clk
0:55:00]} 15. Bd5 {[%clk 0:59:11]} Nxd5 {[%clk 0:55:18]} 16. Nxd5 {[%clk
0:59:16]} Nc6 {[%clk 0:50:47]} 17. c3 {[%clk 0:58:53]} b5 {[%clk 0:49:38]} 18.
g5 {[%clk 0:52:25]} Rg8 {[%clk 0:46:47]} 19. Kh1 {[%clk 0:50:18]} e6 {[%clk
0:45:00]} 20. Ne3 {[%clk 0:50:35]} Qd7 {[%clk 0:41:37]} 21. f6 {[%clk 0:48:21]}
Bf8 {[%clk 0:41:55]} 22. h4 {[%clk 0:48:47]} Rd8 {[%clk 0:40:56]} 23. Ng4
{[%clk 0:47:48]} Rb8 {[%clk 0:38:27]} 24. Qh3 {[%clk 0:47:07]} e5 {[%clk
0:36:09]} 25. Bg3 {[%clk 0:47:05]} b4 {[%clk 0:33:32]} 26. c4 {[%clk 0:46:22]}
Nd4 {[%clk 0:33:45]} 27. Bf2 {[%clk 0:43:20]} Ne6 {[%clk 0:33:11]} 28. Be3
{[%clk 0:43:41]} Nd8 {[%clk 0:31:23]} 29. h5 {[%clk 0:42:08]} a4 {[%clk
0:30:14]} 30. Rf2 {[%clk 0:42:10]} Rb7 {[%clk 0:29:25]} 31. Rh2 {[%clk
0:42:17]} Rc7 {[%clk 0:28:25]} 32. Kg2 {[%clk 0:42:31]} Rb7 {[%clk 0:27:14]}
33. Rah1 {[%clk 0:41:18]} Rc7 {[%clk 0:26:28]} 34. Qg3 {[%clk 0:41:40]} Rb7
{[%clk 0:25:26]} 35. Rh4 {[%clk 0:41:36]} Rc7 {[%clk 0:23:37]} 36. R1h3 {[%clk
0:40:53]} Ne6 {[%clk 0:20:28]} 37. Nh2 {[%clk 0:40:51]} Rb7 {[%clk 0:19:24]}
38. Nf3 {[%clk 0:41:14]} Rc7 {[%clk 0:18:56]} 39. Rg4 {[%clk 0:41:24]} Rb7
{[%clk 0:17:23]} 40. Kf1 {[%clk 0:40:10]} Rc7 {[%clk 0:17:13]} 41. Rgh4 {[%clk
0:39:01]} Rb7 {[%clk 0:16:32]} 42. Rh2 {[%clk 0:39:23]} Rc7 {[%clk 0:15:25]}
43. R4h3 {[%clk 0:39:49]} Rb7 {[%clk 0:15:19]} 44. Nh4 {[%clk 0:39:57]} Rc7
{[%clk 0:15:23]} 45. hxg6 {[%clk 0:40:16]} fxg6 {[%clk 0:15:48]} 46. Nxg6+ Rxg6
{[%clk 0:16:11]} 47. Qh4 {[%clk 0:40:31]} Qf7 {[%clk 0:15:22]} 48. Qh5 {[%clk
0:40:35]} Qg8 {[%clk 0:10:56]} 49. Rg2 {[%clk 0:39:46]} Rf7 {[%clk 0:11:01]}
50. Rhh2 {[%clk 0:39:47]} Be7 {[%clk 0:09:37]} 51. Kg1 {[%clk 0:39:36]} Bd8
{[%clk 0:09:46]} 52. Qh4 {[%clk 0:39:21]} Ba5 {[%clk 0:09:03]} 53. b3 {[%clk
0:39:03]} a3 {[%clk 0:08:26]} 54. Qh5 {[%clk 0:39:04]} Bd8 {[%clk 0:07:26]} 55.
Qh4 {[%clk 0:38:42]} Qe8 {[%clk 0:05:28]} 56. Qh5 {[%clk 0:38:52]} Nf8 {[%clk
0:05:46]} 57. Rh1 {[%clk 0:38:12]} Qe6 {[%clk 0:03:54]} 58. Kf1 {[%clk
0:37:23]} Bxf6 {[%clk 0:12:26]} 59. Ke2 {[%clk 0:50:05]} Be7 {[%clk 0:12:17]}
60. Rgh2 {[%clk 0:49:28]} Rfg7 {[%clk 0:11:46]} 61. Rg1 {[%clk 0:47:16]} Qc8
{[%clk 0:11:36]} 62. Rhg2 {[%clk 0:46:52]} Ne6 {[%clk 0:11:38]} 63. Kd2 {[%clk
0:44:53]} Qg8 {[%clk 0:11:59]} 64. Kc1 {[%clk 0:44:32]} Bxg5 {[%clk 0:12:14]}
65. Bxg5 {[%clk 0:44:47]} Rxg5 {[%clk 0:12:39]} 66. Rxg5 {[%clk 0:45:01]} Rxg5
{[%clk 0:13:04]} 67. Rxg5 {[%clk 0:45:22]} Qxg5+ {[%clk 0:13:32]} 68. Qxg5
{[%clk 0:45:44]} Nxg5 {[%clk 0:13:57]} 0-1

[Event "DVM U12 2016"]
[Site "Magdeburg GER"]
[Date "2016.12.30"]
[Round "7"]
[White "Helbig, Fabian Linus"]
[Black "Metzdorf, Matteo"]
[Result "0-1"]
[Termination "normal"]
[Board "8.2"]
[WhiteElo "1088"]
[BlackElo "1308"]
[WhiteClock "00:15:30"]
[BlackClock "00:11:04"]
[WhiteTeam "VfL Gräfenhainchen"]
[BlackTeam "SG Trier"]
[PlyCount "69"]
[WhiteFideId "12993751"]
[BlackFideId "16209869"]
[EventCountry "GER"]
[EventRounds "7"]
[EventType "team-swiss"]
[EventDate "2016.12.26"]

1. e4 {[%clk 1:15:58]} e6 {[%clk 1:15:51]} 2. Nc3 {[%clk 1:16:11]} d5 {[%clk
1:16:16]} 3. exd5 {[%clk 1:16:14]} exd5 {[%clk 1:16:39]} 4. d4 {[%clk 1:14:58]}
c6 {[%clk 1:16:50]} 5. Nf3 {[%clk 1:14:17]} Bd6 {[%clk 1:17:08]} 6. Bg5 {[%clk
1:12:51]} Ne7 {[%clk 1:16:39]} 7. g3 {[%clk 1:12:01]} Bg4 {[%clk 1:15:19]} 8.
Bg2 {[%clk 1:10:17]} Nd7 {[%clk 1:14:23]} 9. Qd2 {[%clk 1:07:58]} Qc7 {[%clk
1:11:13]} 10. Qe3 {[%clk 1:07:23]} f6 {[%clk 1:08:38]} 11. Bf4 {[%clk 1:05:03]}
Bxf4 12. gxf4 {[%clk 0:58:11]} O-O-O {[%clk 1:02:15]} 13. O-O-O {[%clk
0:56:08]} Rhe8 {[%clk 1:00:27]} 14. Rde1 {[%clk 0:54:54]} Nb6 {[%clk 0:55:34]}
15. Nd2 {[%clk 0:48:49]} Nf5 {[%clk 0:54:22]} 16. Qd3 {[%clk 0:35:51]} Qxf4
{[%clk 0:46:15]} 17. f3 {[%clk 0:33:38]} Bh5 {[%clk 0:44:17]} 18. Ne2 {[%clk
0:33:17]} Qg5 {[%clk 0:36:08]} 19. Reg1 {[%clk 0:31:02]} Rxe2 {[%clk 0:24:01]}
20. Qxe2 {[%clk 0:29:38]} Kb8 {[%clk 0:21:38]} 21. Bh3 {[%clk 0:28:40]} Nxd4
{[%clk 0:18:22]} 22. Qd3 {[%clk 0:25:58]} Qf4 {[%clk 0:17:04]} 23. Bg4 {[%clk
0:24:47]} Bg6 {[%clk 0:16:03]} 24. Qf1 {[%clk 0:16:04]} Nc4 {[%clk 0:14:58]}
25. Rg2 {[%clk 0:14:44]} Ne3 {[%clk 0:14:23]} 26. Qf2 {[%clk 0:14:19]} Nxg2
{[%clk 0:14:25]} 27. Qxg2 {[%clk 0:14:14]} Re8 {[%clk 0:14:04]} 28. Qf1 {[%clk
0:12:07]} Re2 {[%clk 0:13:17]} 29. Qd1 {[%clk 0:11:47]} Bxc2 {[%clk 0:12:44]}
30. Qxe2 {[%clk 0:05:37]} Nxe2+ {[%clk 0:13:12]} 31. Kxc2 {[%clk 0:05:58]} f5
{[%clk 0:12:19]} 32. Re1 {[%clk 0:03:40]} Nd4+ {[%clk 0:12:05]} 33. Kc1 {[%clk
0:02:56]} fxg4 {[%clk 0:11:33]} 34. fxg4 {[%clk 0:01:06]} Qxg4 {[%clk 0:11:04]}
35. Kb1 {[%clk 0:15:30]} 0-1

[Event "DVM U12 2016"]
[Site "Magdeburg GER"]
[Date "2016.12.30"]
[Round "7"]
[White "Felten, Maximilian"]
[Black "Quinque, Pepe"]
[Result "1-0"]
[Termination "normal"]
[Board "8.3"]
[WhiteElo "1612"]
[BlackElo "872"]
[WhiteClock "01:07:03"]
[BlackClock "00:11:56"]
[WhiteTeam "SG Trier"]
[BlackTeam "VfL Gräfenhainchen"]
[PlyCount "91"]
[WhiteFideId "4004949"]
[BlackFideId "16255550"]
[EventCountry "GER"]
[EventRounds "7"]
[EventType "team-swiss"]
[EventDate "2016.12.26"]

1. e4 {[%clk 1:15:58]} e5 {[%clk 1:15:53]} 2. Nf3 {[%clk 1:16:15]} Nc6 {[%clk
1:16:13]} 3. Bb5 {[%clk 1:16:17]} Nf6 {[%clk 1:15:27]} 4. O-O {[%clk 1:16:37]}
d6 {[%clk 1:15:18]} 5. Re1 {[%clk 1:16:55]} a6 {[%clk 1:15:24]} 6. Ba4 {[%clk
1:17:13]} g6 {[%clk 1:15:28]} 7. c3 {[%clk 1:17:04]} Bg7 {[%clk 1:15:37]} 8. d4
{[%clk 1:17:25]} O-O {[%clk 1:13:32]} 9. h3 {[%clk 1:16:42]} b5 {[%clk
1:11:57]} 10. Bb3 {[%clk 1:16:55]} Bb7 {[%clk 1:11:24]} 11. Nbd2 {[%clk
1:16:54]} Re8 {[%clk 1:03:29]} 12. Bc2 {[%clk 1:15:34]} Qd7 {[%clk 0:56:06]}
13. Nf1 {[%clk 1:14:14]} Re7 {[%clk 0:47:12]} 14. Ng3 {[%clk 1:13:40]} Na5
{[%clk 0:39:12]} 15. d5 {[%clk 1:13:13]} Nc4 {[%clk 0:33:50]} 16. b3 {[%clk
1:12:49]} Nb6 {[%clk 0:33:56]} 17. Bg5 {[%clk 1:12:43]} h6 {[%clk 0:32:01]} 18.
Be3 {[%clk 1:11:44]} Nh7 {[%clk 0:26:02]} 19. Nh2 {[%clk 1:10:51]} Rf8 {[%clk
0:24:01]} 20. Qd2 {[%clk 1:10:27]} g5 {[%clk 0:23:28]} 21. Ng4 {[%clk 1:10:28]}
Nf6 {[%clk 0:20:09]} 22. Nf5 {[%clk 1:10:42]} Ne8 {[%clk 0:18:42]} 23. Ngxh6+
{[%clk 1:09:17]} Bxh6 {[%clk 0:18:56]} 24. Nxh6+ {[%clk 1:09:42]} Kh8 {[%clk
0:18:49]} 25. Nf5 {[%clk 1:10:00]} f6 {[%clk 0:18:59]} 26. Nxe7 {[%clk
1:10:02]} Qxe7 {[%clk 0:19:20]} 27. Qe2 {[%clk 1:10:12]} Qf7 {[%clk 0:18:43]}
28. Bd1 {[%clk 1:10:06]} Ng7 {[%clk 0:19:01]} 29. Rc1 {[%clk 1:10:07]} Nd7
{[%clk 0:18:23]} 30. c4 {[%clk 1:09:57]} b4 {[%clk 0:17:40]} 31. c5 {[%clk
1:08:56]} dxc5 {[%clk 0:17:05]} 32. Bxc5 {[%clk 1:09:13]} Nxc5 {[%clk 0:15:47]}
33. Rxc5 {[%clk 1:09:16]} Rc8 {[%clk 0:14:01]} 34. Qc2 {[%clk 1:09:14]} Qd7
{[%clk 0:12:55]} 35. Bg4 {[%clk 1:08:10]} Qd6 {[%clk 0:12:08]} 36. Bxc8 {[%clk
1:07:48]} Bxc8 {[%clk 0:12:28]} 37. Rc6 Qd8 {[%clk 0:12:05]} 38. d6 {[%clk
1:06:08]} Kh7 {[%clk 0:10:41]} 39. dxc7 {[%clk 1:06:22]} Qd7 {[%clk 0:10:45]}
40. Rd1 {[%clk 1:06:32]} Qe7 {[%clk 0:10:54]} 41. Rd8 {[%clk 1:05:59]} Ne6
{[%clk 0:10:35]} 42. Rxc8 {[%clk 1:06:11]} Nxc7 {[%clk 0:10:57]} 43. R6xc7
{[%clk 1:06:29]} Qxc7 {[%clk 0:11:10]} 44. Qxc7+ Kg6 {[%clk 0:11:33]} 45. Rg8+
{[%clk 1:07:10]} Kh5 {[%clk 0:11:56]} 46. Qh7# {[%clk 1:07:03]} 1-0

[Event "DVM U12 2016"]
[Site "Magdeburg GER"]
[Date "2016.12.30"]
[Round "7"]
[White "Grunemann, Jonas"]
[Black "Kirschweng, Luca"]
[Result "0-1"]
[Termination "normal"]
[Board "8.4"]
[WhiteElo "1019"]
[BlackElo "1186"]
[WhiteClock "00:00:31"]
[BlackClock "00:28:30"]
[WhiteTeam "VfL Gräfenhainchen"]
[BlackTeam "SG Trier"]
[PlyCount "75"]
[WhiteFideId "16255577"]
[BlackFideId "16262514"]
[EventCountry "GER"]
[EventRounds "7"]
[EventType "team-swiss"]
[EventDate "2016.12.26"]

1. e4 {[%clk 1:15:49]} e6 {[%clk 1:15:57]} 2. Nf3 {[%clk 1:16:10]} d5 {[%clk
1:16:18]} 3. exd5 {[%clk 1:13:46]} exd5 {[%clk 1:16:31]} 4. d4 {[%clk 1:13:41]}
Bd6 {[%clk 1:16:15]} 5. Nc3 {[%clk 1:12:42]} c6 {[%clk 1:16:03]} 6. Be2 {[%clk
1:12:58]} Nf6 {[%clk 1:15:03]} 7. Bg5 {[%clk 1:13:12]} Nbd7 {[%clk 1:15:04]} 8.
O-O {[%clk 1:13:20]} O-O {[%clk 1:15:30]} 9. Re1 {[%clk 1:12:57]} Qc7 {[%clk
1:15:31]} 10. Bd3 {[%clk 1:09:46]} Ng4 {[%clk 1:12:34]} 11. Be7 {[%clk
1:04:03]} Bxe7 {[%clk 1:08:07]} 12. Rxe7 {[%clk 1:04:19]} Qd6 {[%clk 1:07:51]}
13. Qe1 {[%clk 1:00:19]} Nb6 {[%clk 1:06:32]} 14. Re2 {[%clk 0:57:44]} Bd7
{[%clk 1:05:19]} 15. h3 {[%clk 0:48:48]} Nf6 {[%clk 1:04:40]} 16. Ne5 {[%clk
0:42:47]} Rfe8 {[%clk 1:03:08]} 17. Nxd7 {[%clk 0:34:41]} Nbxd7 {[%clk
1:01:24]} 18. Rxe8+ {[%clk 0:33:53]} Rxe8 {[%clk 1:01:47]} 19. Qd2 {[%clk
0:34:08]} Nf8 {[%clk 1:01:05]} 20. Nd1 {[%clk 0:26:14]} Ne4 {[%clk 1:00:07]}
21. Bxe4 {[%clk 0:25:19]} Rxe4 {[%clk 0:57:12]} 22. c3 {[%clk 0:24:01]} Qg6
{[%clk 0:54:54]} 23. f3 {[%clk 0:19:29]} Rh4 {[%clk 0:53:23]} 24. Nf2 {[%clk
0:16:32]} Ne6 {[%clk 0:52:57]} 25. g4 {[%clk 0:14:38]} h5 {[%clk 0:51:34]} 26.
Qd3 {[%clk 0:05:18]} Qh6 {[%clk 0:43:53]} 27. Re1 {[%clk 0:01:51]} g6 {[%clk
0:41:46]} 28. Qe3 {[%clk 0:00:34]} g5 {[%clk 0:38:14]} 29. Qe5 {[%clk 0:00:33]}
b6 {[%clk 0:29:51]} 30. Qb8+ {[%clk 0:00:34]} Kg7 {[%clk 0:28:36]} 31. Qe5+
{[%clk 0:00:38]} Qf6 {[%clk 0:29:04]} 32. Qxf6+ Kxf6 {[%clk 0:29:18]} 33. Kg2
{[%clk 0:00:33]} hxg4 {[%clk 0:29:23]} 34. Nxg4+ {[%clk 0:00:49]} Kf5 {[%clk
0:29:09]} 35. Kg3 {[%clk 0:00:34]} Nf4 {[%clk 0:28:26]} 36. Re5+ {[%clk
0:00:34]} Kg6 {[%clk 0:28:41]} 37. Rf5 {[%clk 0:00:31]} Rxh3+ {[%clk 0:28:30]}
38. Kf2 0-1

[Event "DVM U12 2016"]
[Site "Magdeburg GER"]
[Date "2016.12.30"]
[Round "7"]
[White "Hetzner, Hannes"]
[Black "Meier, Silas"]
[Result "1/2-1/2"]
[Termination "normal"]
[Board "9.1"]
[WhiteElo "1558"]
[BlackElo "1535"]
[WhiteClock "00:04:27"]
[BlackClock "00:08:39"]
[WhiteTeam "SC Erlangen"]
[BlackTeam "Schachakademie Paderborn"]
[PlyCount "135"]
[WhiteFideId "16211936"]
[BlackFideId "16210662"]
[EventCountry "GER"]
[EventRounds "7"]
[EventType "team-swiss"]
[EventDate "2016.12.26"]

1. e4 {[%clk 1:15:55]} e6 {[%clk 1:15:34]} 2. d4 {[%clk 1:16:15]} d5 {[%clk
1:15:54]} 3. Nc3 {[%clk 1:16:36]} Nf6 {[%clk 1:16:14]} 4. Bg5 {[%clk 1:16:29]}
Bb4 {[%clk 1:15:19]} 5. e5 {[%clk 1:15:21]} h6 {[%clk 1:14:49]} 6. Bd2 {[%clk
1:12:35]} Bxc3 {[%clk 1:12:54]} 7. bxc3 {[%clk 1:11:51]} Ne4 {[%clk 1:13:02]}
8. Bd3 {[%clk 1:08:33]} Nxd2 {[%clk 1:09:08]} 9. Qxd2 {[%clk 1:07:54]} c5
{[%clk 1:06:20]} 10. Nf3 {[%clk 1:02:13]} c4 {[%clk 1:02:37]} 11. Be2 {[%clk
1:01:46]} Nc6 {[%clk 0:58:05]} 12. O-O {[%clk 1:00:18]} Bd7 {[%clk 0:55:49]}
13. Qf4 {[%clk 0:57:36]} Ne7 {[%clk 0:52:05]} 14. Kh1 {[%clk 0:53:36]} Ng6
{[%clk 0:52:06]} 15. Qg3 {[%clk 0:51:58]} Ba4 {[%clk 0:50:22]} 16. Bd1 {[%clk
0:50:19]} Rg8 {[%clk 0:42:43]} 17. Ng1 {[%clk 0:46:21]} Ne7 {[%clk 0:41:16]}
18. f4 {[%clk 0:43:37]} Nf5 {[%clk 0:41:13]} 19. Qf2 {[%clk 0:43:08]} g6 {[%clk
0:36:23]} 20. Ne2 {[%clk 0:38:37]} h5 {[%clk 0:30:03]} 21. Ng3 {[%clk 0:36:34]}
Nh6 {[%clk 0:28:56]} 22. Bf3 {[%clk 0:34:17]} Rh8 {[%clk 0:26:26]} 23. Rfb1
{[%clk 0:30:47]} Bc6 {[%clk 0:23:55]} 24. Re1 {[%clk 0:29:30]} h4 {[%clk
0:16:27]} 25. Nf1 {[%clk 0:29:30]} Nf5 {[%clk 0:16:48]} 26. Kg1 {[%clk
0:29:02]} Qe7 {[%clk 0:15:58]} 27. Ne3 {[%clk 0:25:54]} Nxe3 {[%clk 0:14:27]}
28. Rxe3 {[%clk 0:24:55]} Qa3 {[%clk 0:13:30]} 29. Qe1 {[%clk 0:22:08]} Kd7
{[%clk 0:09:59]} 30. Qb1 {[%clk 0:17:58]} Rab8 {[%clk 0:06:40]} 31. Qb4 {[%clk
0:16:58]} Qxb4 {[%clk 0:06:37]} 32. cxb4 {[%clk 0:17:26]} Ba4 {[%clk 0:06:45]}
33. Bd1 {[%clk 0:16:37]} Rbc8 {[%clk 0:05:28]} 34. Ra3 {[%clk 0:14:53]} Bb5
{[%clk 0:02:31]} 35. Ra5 {[%clk 0:13:11]} a6 {[%clk 0:02:09]} 36. Ra3 {[%clk
0:11:39]} Rc7 {[%clk 0:01:22]} 37. Rc3 {[%clk 0:10:29]} Ba4 {[%clk 0:00:46]}
38. Kf2 {[%clk 0:10:04]} Rcc8 {[%clk 0:00:56]} 39. Rh3 {[%clk 0:07:34]} Rh7
{[%clk 0:00:37]} 40. c3 {[%clk 0:06:24]} Bxd1 {[%clk 0:00:36]} 41. Rxd1 {[%clk
0:06:36]} Kc6 {[%clk 0:00:32]} 42. a4 {[%clk 0:05:06]} Ra8 {[%clk 0:14:15]} 43.
Kf3 {[%clk 0:18:53]} b5 {[%clk 0:14:14]} 44. axb5+ {[%clk 0:17:33]} axb5 {[%clk
0:14:33]} 45. Rd2 {[%clk 0:17:19]} Kd7 {[%clk 0:13:52]} 46. Kg4 {[%clk
0:15:48]} Ra1 {[%clk 0:13:20]} 47. Rc2 {[%clk 0:15:05]} Ke7 {[%clk 0:12:45]}
48. Rxh4 {[%clk 0:15:04]} Rxh4+ {[%clk 0:12:48]} 49. Kxh4 {[%clk 0:15:23]} Kf8
{[%clk 0:13:13]} 50. Kg5 {[%clk 0:15:07]} Kg7 {[%clk 0:13:34]} 51. g4 {[%clk
0:14:01]} Ra3 {[%clk 0:11:16]} 52. f5 {[%clk 0:12:18]} gxf5 {[%clk 0:10:30]}
53. gxf5 {[%clk 0:12:26]} Ra1 {[%clk 0:10:51]} 54. fxe6 {[%clk 0:11:18]} Rg1+
{[%clk 0:10:29]} 55. Kh4 {[%clk 0:09:18]} fxe6 {[%clk 0:10:29]} 56. Kh3 {[%clk
0:09:22]} Ra1 {[%clk 0:10:04]} 57. Rg2+ {[%clk 0:09:24]} Kf7 {[%clk 0:10:11]}
58. Kh4 {[%clk 0:08:55]} Ra8 {[%clk 0:10:08]} 59. Rg5 {[%clk 0:08:26]} Ra3
{[%clk 0:09:10]} 60. Rg3 {[%clk 0:08:22]} Ra8 {[%clk 0:09:18]} 61. Kh3 {[%clk
0:08:07]} Rh8+ {[%clk 0:08:49]} 62. Kg2 {[%clk 0:08:21]} Ra8 {[%clk 0:09:01]}
63. h4 {[%clk 0:08:20]} Ra2+ {[%clk 0:09:04]} 64. Kh3 {[%clk 0:08:33]} Ra1
{[%clk 0:09:20]} 65. h5 {[%clk 0:07:41]} Rh1+ {[%clk 0:09:18]} 66. Kg4 {[%clk
0:07:51]} Kg7 {[%clk 0:08:37]} 67. Kg5 {[%clk 0:06:42]} Rh2 {[%clk 0:08:39]}
68. Kg4 {[%clk 0:04:27]} 1/2-1/2

[Event "DVM U12 2016"]
[Site "Magdeburg GER"]
[Date "2016.12.30"]
[Round "7"]
[White "Nourzad, Shayan"]
[Black "Högner, Tom"]
[Result "0-1"]
[Termination "normal"]
[Board "9.2"]
[WhiteElo "1274"]
[BlackElo "1550"]
[WhiteClock "00:15:28"]
[BlackClock "00:45:44"]
[WhiteTeam "Schachakademie Paderborn"]
[BlackTeam "SC Erlangen"]
[PlyCount "72"]
[WhiteFideId "16274890"]
[BlackFideId "12995436"]
[EventCountry "GER"]
[EventRounds "7"]
[EventType "team-swiss"]
[EventDate "2016.12.26"]

1. d4 {[%clk 1:15:59]} d5 {[%clk 1:15:43]} 2. Bf4 {[%clk 1:16:07]} e6 {[%clk
1:13:55]} 3. Nf3 {[%clk 1:15:50]} c5 {[%clk 1:14:00]} 4. e3 {[%clk 1:14:55]}
Nc6 {[%clk 1:13:31]} 5. c3 {[%clk 1:12:51]} Nf6 {[%clk 1:13:08]} 6. Bd3 {[%clk
1:12:45]} c4 {[%clk 1:12:46]} 7. Bc2 {[%clk 1:12:58]} Bd6 {[%clk 1:12:41]} 8.
Bg3 {[%clk 1:12:38]} Bxg3 {[%clk 1:12:23]} 9. hxg3 {[%clk 1:12:30]} O-O {[%clk
1:11:23]} 10. Nfd2 {[%clk 1:05:16]} h6 {[%clk 1:10:31]} 11. g4 {[%clk 0:57:54]}
Nh7 {[%clk 1:09:04]} 12. f4 {[%clk 0:57:17]} f6 {[%clk 1:06:22]} 13. Bg6 {[%clk
0:53:32]} Ne7 {[%clk 1:05:43]} 14. Qc2 {[%clk 0:49:49]} Nxg6 15. Qxg6 {[%clk
0:50:05]} Kh8 {[%clk 1:04:24]} 16. Nf3 {[%clk 0:48:31]} Bd7 {[%clk 1:04:06]}
17. Qc2 {[%clk 0:45:45]} e5 {[%clk 1:01:52]} 18. f5 {[%clk 0:44:21]} e4 {[%clk
1:00:32]} 19. Nh4 {[%clk 0:44:18]} Be8 {[%clk 1:00:39]} 20. Qf2 {[%clk
0:43:09]} Kg8 {[%clk 0:55:00]} 21. Nd2 {[%clk 0:42:29]} a5 {[%clk 0:54:54]} 22.
a4 {[%clk 0:42:26]} Qb6 {[%clk 0:54:26]} 23. Nf1 {[%clk 0:41:04]} Qb3 {[%clk
0:54:24]} 24. Ra3 {[%clk 0:40:57]} Qb6 {[%clk 0:52:35]} 25. Ng3 {[%clk
0:40:14]} Qd6 {[%clk 0:51:03]} 26. Nh5 {[%clk 0:38:28]} Bxh5 {[%clk 0:50:34]}
27. gxh5 {[%clk 0:38:40]} Rfb8 {[%clk 0:50:30]} 28. Ng6 {[%clk 0:38:20]} b5
{[%clk 0:48:56]} 29. axb5 {[%clk 0:31:00]} Rxb5 {[%clk 0:49:02]} 30. Ra2 {[%clk
0:27:50]} a4 {[%clk 0:47:23]} 31. O-O {[%clk 0:19:38]} a3 {[%clk 0:40:05]} 32.
Rfa1 Rab8 {[%clk 0:37:34]} 33. Rb1 {[%clk 0:12:06]} Rb3 {[%clk 0:36:35]} 34.
Qc2 {[%clk 0:06:36]} Nf8 {[%clk 0:33:23]} 35. Nf4 {[%clk 0:06:28]} R8b5 {[%clk
0:32:22]} 36. Rxa3 {[%clk 0:15:28]} Qd8 {[%clk 0:45:44]} 0-1

[Event "DVM U12 2016"]
[Site "Magdeburg GER"]
[Date "2016.12.30"]
[Round "7"]
[White "Li, Xianquan"]
[Black "Wu, Wilfried"]
[Result "0-1"]
[Termination "normal"]
[Board "9.4"]
[WhiteElo "856"]
[BlackElo "1241"]
[WhiteClock "00:04:33"]
[BlackClock "00:44:24"]
[WhiteTeam "Schachakademie Paderborn"]
[BlackTeam "SC Erlangen"]
[PlyCount "52"]
[WhiteFideId "16284356"]
[BlackFideId "16260775"]
[EventCountry "GER"]
[EventRounds "7"]
[EventType "team-swiss"]
[EventDate "2016.12.26"]

1. d4 {[%clk 1:15:54]} d5 {[%clk 1:15:34]} 2. Nf3 {[%clk 1:16:09]} Nf6 {[%clk
1:15:34]} 3. g3 {[%clk 1:15:59]} Bf5 {[%clk 1:15:39]} 4. Bg2 {[%clk 1:16:00]}
Nc6 {[%clk 1:15:03]} 5. O-O {[%clk 1:16:05]} e6 {[%clk 1:14:54]} 6. e3 {[%clk
1:16:14]} Bd6 7. Nbd2 {[%clk 1:15:57]} Qe7 {[%clk 1:13:17]} 8. b3 {[%clk
1:13:01]} O-O-O {[%clk 1:13:26]} 9. a4 {[%clk 1:13:05]} Bb4 {[%clk 1:11:47]}
10. Bb2 {[%clk 1:03:42]} h5 {[%clk 1:10:43]} 11. h4 {[%clk 0:54:12]} Bg4 {[%clk
1:03:52]} 12. Qc1 {[%clk 0:46:12]} Nh7 {[%clk 1:02:41]} 13. c3 {[%clk 0:38:59]}
Bd6 {[%clk 1:02:20]} 14. Ba3 {[%clk 0:37:19]} g5 {[%clk 0:58:13]} 15. b4 {[%clk
0:30:16]} Rhg8 {[%clk 0:51:10]} 16. Nb3 {[%clk 0:23:20]} Qf6 {[%clk 0:48:29]}
17. Nh2 {[%clk 0:18:07]} gxh4 {[%clk 0:47:55]} 18. Nxg4 {[%clk 0:18:11]} hxg4
{[%clk 0:48:15]} 19. b5 {[%clk 0:18:05]} Ne7 {[%clk 0:47:44]} 20. Bxd6 {[%clk
0:18:12]} Rxd6 {[%clk 0:47:44]} 21. Qc2 {[%clk 0:13:12]} Ng5 {[%clk 0:47:38]}
22. a5 {[%clk 0:11:56]} Nf3+ {[%clk 0:46:55]} 23. Bxf3 {[%clk 0:06:55]} Qxf3
{[%clk 0:47:07]} 24. gxh4 {[%clk 0:06:50]} g3 {[%clk 0:44:16]} 25. Nd2 {[%clk
0:04:37]} gxf2+ {[%clk 0:44:24]} 26. Kh2 {[%clk 0:04:33]} Qg2# 0-1

[Event "DVM U12 2016"]
[Site "Magdeburg GER"]
[Date "2016.12.30"]
[Round "7"]
[White "Franke, Josef"]
[Black "Waffenschmidt, Lars"]
[Result "0-1"]
[Termination "normal"]
[Board "10.1"]
[WhiteElo "1034"]
[BlackElo "1526"]
[WhiteClock "01:04:36"]
[BlackClock "00:47:39"]
[WhiteTeam "SK Neumarkt"]
[BlackTeam "SK Bebenhausen"]
[PlyCount "36"]
[BlackFideId "16244656"]
[EventCountry "GER"]
[EventRounds "7"]
[EventType "team-swiss"]
[EventDate "2016.12.26"]

1. e4 e5 {[%clk 1:15:26]} 2. Nf3 {[%clk 1:15:31]} Nc6 {[%clk 1:15:35]} 3. Bc4
{[%clk 1:15:44]} Bc5 {[%clk 1:15:46]} 4. d3 {[%clk 1:15:46]} d6 {[%clk
1:15:17]} 5. Ng5 {[%clk 1:15:06]} Nh6 {[%clk 1:14:43]} 6. Nc3 {[%clk 1:14:39]}
Nd4 {[%clk 1:10:33]} 7. h3 {[%clk 1:13:47]} c6 {[%clk 1:07:55]} 8. Nf3 {[%clk
1:13:15]} Be6 {[%clk 1:06:20]} 9. Bb3 {[%clk 1:13:13]} Qd7 {[%clk 1:02:25]} 10.
O-O {[%clk 1:11:17]} f6 {[%clk 0:57:16]} 11. Bxh6 {[%clk 1:11:08]} gxh6 {[%clk
0:57:28]} 12. Bxe6 {[%clk 1:06:24]} Nxe6 {[%clk 0:56:54]} 13. Ne2 {[%clk
1:06:14]} Rg8 {[%clk 0:53:03]} 14. c3 {[%clk 1:05:56]} Ng5 {[%clk 0:48:32]} 15.
Ng3 {[%clk 1:04:06]} Nxh3+ {[%clk 0:47:35]} 16. gxh3 {[%clk 1:04:15]} Rxg3+
{[%clk 0:47:51]} 17. Kh1 {[%clk 1:04:12]} Qxh3+ {[%clk 0:47:39]} 18. Nh2 {[%clk
1:04:36]} Qg2# 0-1